000 00892nam a2200265 a 4500
001 BRCA_2766
005 20190320203947.0
008 051208s1953----mx-a---###---#000-0#spa-u
050 4 _aND546
_b.G35 1953
100 1 _aGall, Jacques
_97777
245 1 0 _aLa Pintura galante francesa en el siglo XVIII
_cpor Jacques y Francois Gall ; tr. Francisco González Aramburo.
260 _aMéxico
_bFCE
_c1953
300 _a248 p.
_bil.
_c17 cm.
440 0 _aBreviarios del Fondo de Cultura Económica
_n78
_97778
500 _aIncluye índice de nombres e ilustraciones.
500 _aTraducción de: Peinture Galante
500 _aAA83
504 _aIncluye referencias bibliográficas.
650 1 4 _aPintura francesa
_95229
650 1 4 _aPintura
_xHistoria
_97779
700 1 _aGall, Francois
_97780
700 1 _aGonzález Aramburo, Francisco
_etr.
_97781
902 _aGFM
942 _2lcc
_cB
999 _c2506
_d2506